Państwa z największą Populacją w 2100 - Statystyki

Ogólne statystyki
  • Ten quiz został rozwiązany 135 razy
  • Średni wynik to 41 z 60
Statystyki odpowiedzi
Populacja Państwo % Poprawnych
1,461,451,447 Chiny
96%
507,612,885 USA
95%
1,501,498,738 Indie
94%
392,774,046 Rosja
94%
54,571,095 Polska
92%
166,731,801 Francja
88%
178,996,912 Niemcy
88%
67,029,102 Niger
88%
215,658,901 Kanada
86%
502,374,812 Nigeria
86%
457,883,034 Brazylia
85%
403,613,555 Japonia
85%
201,745,732 Argentyna
84%
130,701,455 Hiszpania
84%
411,678,809 Meksyk
84%
344,663,320 Egipt
83%
142,567,831 Wielka Brytania
83%
488,539,339 Indonezja
82%
97,883,790 Włochy
82%
305,562,700 RPA
80%
93,651,904 Ukraina
79%
108,662,377 Turcja
78%
95,774,845 Korea Południowa
76%
476,663,990 Pakistan
76%
86,883,091 Algieria
75%
80,132,688 Arabia Saudyjska
75%
326,701,020 Iran
74%
72,666,430 Kazachstan
74%
435,712,600 Bangladesz
71%
398,965,942 Etiopia
71%
193,002,053 Kolumbia
71%
80,145,764 Irak
70%
351,660,001 Wietnam
69%
59,222,004 Czad
66%
53,556,094 Tajlandia
66%
255,414,094 Sudan
65%
83,664,027 Afganistan
64%
388,902,603 Filipiny
63%
273,971,899 Kenia
62%
62,664,098 Korea Północna
62%
59,535,908 Somalia
62%
292,561,043 Tanzania
61%
51,783,096 Angola
60%
53,348,902 Uzbekistan
57%
59,466,479 Mali
56%
40,754,223 Mozambik
55%
38,457,938 Białoruś
52%
368,542,806 DRK
52%
274,654,897 Mjanma
52%
61,808,545 Sudan Południowy
51%
76,888,639 Syria
51%
59,361,094 Mauretania
50%
71,995,943 Senegal
49%
44,764,095 Namibia
45%
65,734,091 Tajwan
43%
39,888,771 Zimbabwe
43%
43,126,984 Botswana
42%
39,842,137 Burundi
29%
38,874,906 RŚA
29%
53,774,812 Liberia
28%
Nie znaleziono quizów pasujących do podanych kryteriów
Rozkład punktacji
Procent ludzi z każdym wynikiem
Percentyl według liczby udzielonych odpowiedzi
Twoja historia wyników
Nie rozwiązałeś tego quizu